00342nam a2200145Ia 4500008004100000020001500041041001200056082001600068100001400084245004100098250000800139260002500147300001000172650001400182221030s9999 xx 000 0 und d a007059371x aEnglish a105.23bKah aA. Kahate 0aInformation Technologycby A. Kahate a2nd bTMHaNew Delhic2005 a19.56 aComputers